|
|
|
|
| LEADER |
00000cam a2200000 7i4500 |
| 001 |
0000019360 |
| 002 |
000021047 |
| 005 |
20000330.0 |
| 020 |
|
|
|a 9839041401
|
| 090 |
0 |
0 |
|a 499.28
|b MAR
|
| 100 |
0 |
|
|a Marzukhi Nyak Abdullah
|
| 245 |
1 |
0 |
|a Nota dan panduan lengkap Bahasa Melayu STPM :
|b kertas 1 dan 2
|c Marzukhi Nyak Abdullah
|
| 260 |
|
|
|a Kajang :
|b Makruf Publisher & Distributors Sdn Bhd ,
|c 1996
|
| 300 |
|
|
|a 222p. ;
|c 24cm.
|
| 650 |
0 |
0 |
|a Malay language
|x STPM
|
| 999 |
|
|
|a 00070282
|b BUKU
|c PINJAMAN
|e PERPUSTAKAAN KOMUNITI PETALING JAYA
|
| 999 |
|
|
|a 086776
|b BUKU
|c RUJUKAN
|e PERPUSTAKAAN KOMUNITI PETALING JAYA
|